00465 2200181 4500001002100000005001500021008004100036020002200077035001900099082001000118090001600128100001900144245003100163250001000194260003600204300002900240650001400269INLIS00000000000651520241224113314241224||||||||| | ||| |||| ||  a978-602-9123-53-1 0010-12240065150 a152.4 a152.4 SRI b0 aSri Ratna Hadi00aBerdamai Dengan Persaingan aCet.3 aBandungbDangiang Pustakac2017 ax, 51 hlm.; ilus.: 25 cm 0aPsikologi